Jus canonicum universum clara methodo juxta titulos quinque librorum decretalium in quaestiones distribitum solidisque responsionibus & objectionum solutionibus dilucidatum (Record no. 8304)
[ view plain ]
| 000 -CABECERA | |
|---|---|
| campo de control de longitud fija | 01617nam a2200385 a 4500 |
| 001 - NÚMERO DE CONTROL | |
| campo de control | BRCA_8644 |
| 005 - FECHA Y HORA DE LA ÚLTIMA TRANSACCIÓN | |
| campo de control | 20190320210344.0 |
| 008 - DATOS DE LONGITUD FIJA--INFORMACIÓN GENERAL | |
| campo de control de longitud fija | 041016s1730----it-#######---#000-0#lat-# |
| 041 ## - CÓDIGO DE LENGUA | |
| Código de lengua del texto/banda sonora o título independiente | lat |
| 044 ## - CÓDIGO DEL PAÍS DE LA ENTIDAD EDITORA/PRODUCTORA | |
| Código MARC del país | it |
| 050 #4 - SIGNATURA TOPOGRÁFICA DE LA BIBLIOTECA DEL CONGRESO | |
| Número de clasificación | KBR2155 |
| Número de documento/Ítem | .R35 |
| -- | 1730 |
| 100 1# - ENTRADA PRINCIPAL--NOMBRE DE PERSONA | |
| Nombre de persona | Reiffenstuel, Anacleto |
| 9 (RLIN) | 21575 |
| 245 10 - MENCIÓN DE TÍTULO | |
| Título | Jus canonicum universum clara methodo juxta titulos quinque librorum decretalium in quaestiones distribitum solidisque responsionibus & objectionum solutionibus dilucidatum |
| Mención de responsabilidad, etc. | Anacleto Reiffenstuel. |
| 260 ## - PUBLICACIÓN, DISTRIBUCIÓN, ETC. | |
| Lugar de publicación, distribución, etc. | Venetiis |
| Nombre del editor, distribuidor, etc. | Apud Antonium Bortoli |
| Fecha de publicación, distribución, etc. | 1730 |
| 300 ## - DESCRIPCIÓN FÍSICA | |
| Extensión | T.I,T.II y III |
| Dimensiones | 34 cm |
| 500 ## - NOTA GENERAL | |
| Nota general | Fondo antiguo |
| 500 ## - NOTA GENERAL | |
| Nota general | Se encuentra en Caja Fuerte |
| 500 ## - NOTA GENERAL | |
| Nota general | T.I y II se conservan en caja de almeja |
| 500 ## - NOTA GENERAL | |
| Nota general | COD-127? |
| 500 ## - NOTA GENERAL | |
| Nota general | T.I se localiza en cuarto de fumigación |
| 500 ## - NOTA GENERAL | |
| Nota general | Grabado en portada |
| 500 ## - NOTA GENERAL | |
| Nota general | Con licentia & aprobbatio ordinis y censura theologica |
| 500 ## - NOTA GENERAL | |
| Nota general | Contiene prefacio |
| 500 ## - NOTA GENERAL | |
| Nota general | Texto impreso a dos columnas |
| 500 ## - NOTA GENERAL | |
| Nota general | Uso de letras capitulares |
| 500 ## - NOTA GENERAL | |
| Nota general | Rubrica en la guarda perteneciente ´Del Br. Jph Florencio Brenal´ |
| 500 ## - NOTA GENERAL | |
| Nota general | Se conservan testigos dentro del tomo II |
| 500 ## - NOTA GENERAL | |
| Nota general | Incluye índice alfabético |
| 500 ## - NOTA GENERAL | |
| Nota general | En el lomo se indica T.I y el tomo corresponde correctamente al II |
| 500 ## - NOTA GENERAL | |
| Nota general | Nota de encuadernación: en piel pergamino, el T.III presenta una mancha de color rojo en la tapa |
| 506 0# - NOTA DE RESTRICCIONES AL ACCESO | |
| Limitaciones de acceso | Fondo reservado: para su consulta es necesario credencial de usuario y carta de motivos |
| 650 14 - PUNTO DE ACCESO ADICIONAL DE MATERIA--TÉRMINO DE MATERIA | |
| Término de materia o nombre geográfico como elemento de entrada | Derecho canónico |
| Término indicativo de función/relación | Obras anteriores a 1800 |
| 9 (RLIN) | 21260 |
| 902 ## - CATALOGADOR | |
| Iniciales | LAR |
| 942 ## - ELEMENTOS DE PUNTO DE ACCESO ADICIONAL (KOHA) | |
| Fuente del sistema de clasificación o colocación | Library of Congress Classification |
| Tipo de ítem Koha | Libros |
| Estado de retiro | Estado de pérdida | Estado dañado | No para préstamo | Localización permanente | Ubicación/localización actual | Fecha de adquisición | Número de inventario | Total de préstamos | Signatura topográfica completa | Código de barras | Fecha visto por última vez | Precio válido a partir de | Tipo de ítem Koha | Código de colección |
|---|---|---|---|---|---|---|---|---|---|---|---|---|---|---|
| El ejemplar forma parte de la colección y puede ser consultado según las políticas vigentes. | Biblioteca del Museo Franz Mayer (Rogerio Casas-Alatriste) | Biblioteca del Museo Franz Mayer (Rogerio Casas-Alatriste) | 04/10/2016 | COD-127? | KBR2155 .R35 1730 (COD-127?) | LAR00146 | 22/03/2019 | 22/03/2019 | Libros | |||||
| El ejemplar forma parte de la colección y puede ser consultado según las políticas vigentes. | Biblioteca del Museo Franz Mayer (Rogerio Casas-Alatriste) | Biblioteca del Museo Franz Mayer (Rogerio Casas-Alatriste) | 23/12/2016 | COD-127? | KBR2155 .R35 1730 (COD-127?) | LAR00147 | 22/03/2019 | 22/03/2019 | Libros | Libros Antiguos y Raros | ||||
| El ejemplar forma parte de la colección y puede ser consultado según las políticas vigentes. | Biblioteca del Museo Franz Mayer (Rogerio Casas-Alatriste) | Biblioteca del Museo Franz Mayer (Rogerio Casas-Alatriste) | 23/12/2016 | COD-127? | KBR2155 .R35 1730 (COD-127?) | LAR00148 | 22/03/2019 | 22/03/2019 | Libros | Libros Antiguos y Raros |